[Event "30PCR_F"]
[Site "?"]
[Date "2014.10.27"]
[Round "?"]
[White "Vins, Karel"]
[Black "Ptacek, Jiri"]
[Result "1/2-1/2"]
[WhiteElo "1721"]
[BlackElo "1783"]
[PlyCount "51"]
[EventDate "2014.??.??"]
[EventType "corr"]
[EventRounds "2"]
[SourceDate "2010.08.23"]

1. e4 e5 2. Nf3 Nc6 3. Bb5 a6 4. Ba4 Nf6 5. d3 h6 6. h3 b5 7. Bb3 d6 8. Be3 Na5
9. c3 Nxb3 10. Qxb3 Be6 11. Qc2 Be7 12. Nbd2 c5 13. c4 O-O 14. b3 b4 15. Nf1 a5
16. g4 g5 17. Qd2 Nh7 18. Ng3 a4 19. O-O a3 20. Kg2 f6 21. Nh2 Qd7 22. f3 Rab8
23. Rh1 Kh8 24. Kf2 Qc8 25. Nhf1 Rb7 26. Rd1 1/2-1/2

[Event "30PCR_F"]
[Site "?"]
[Date "2014.10.27"]
[Round "?"]
[White "Ptacek, Jiri"]
[Black "Lucan, Zdenko"]
[Result "1-0"]
[WhiteElo "1783"]
[BlackElo "1611"]
[PlyCount "69"]
[EventDate "2014.??.??"]
[EventType "corr"]
[EventRounds "2"]
[SourceDate "2010.08.23"]

1. Nf3 Nf6 2. d4 d6 3. Nc3 Bg4 4. Qd3 Qd7 5. e4 e6 6. h3 Bxf3 7. Qxf3 Be7 8. e5
Nd5 9. Nxd5 exd5 10. Qxd5 c6 11. Qf3 dxe5 12. dxe5 O-O 13. Qg3 g6 14. Bd3 Qd8
15. Bh6 Re8 16. O-O-O Bf8 17. Bxf8 Kxf8 18. Bxg6 Qe7 19. Bxh7 Qxe5 20. Qxe5
Rxe5 21. Rhe1 Rxe1 22. Rxe1 Na6 23. g4 b6 24. f4 c5 25. Bd3 Nc7 26. f5 a5 27.
a4 b5 28. axb5 Rb8 29. c4 f6 30. Kc2 Ne8 31. Re6 Rb7 32. Ra6 Rh7 33. Bf1 Re7
34. Kd2 Re6 35. fxe6 1-0

[Event "30PCR_F"]
[Site "?"]
[Date "2014.10.27"]
[Round "?"]
[White "Pressl, Ladislav"]
[Black "Smolka, Jan"]
[Result "0-1"]
[WhiteElo "1823"]
[BlackElo "2242"]
[PlyCount "28"]
[EventDate "2014.??.??"]
[EventType "corr"]
[EventRounds "2"]
[SourceDate "2010.08.23"]

1. d4 Nf6 2. c4 g6 3. Nc3 d5 4. cxd5 Nxd5 5. e4 Nxc3 6. bxc3 Bg7 7. Nf3 c5 8.
Be3 Bg4 9. e5 Qa5 10. Qd2 Bxf3 11. gxf3 Nc6 12. f4 O-O-O 13. Bg2 cxd4 14. O-O
dxe3 0-1

[Event "30PCR_F"]
[Site "?"]
[Date "2014.10.27"]
[Round "?"]
[White "Kyzlink, Vladimir"]
[Black "Goc, Pavel"]
[Result "0-1"]
[WhiteElo "1861"]
[BlackElo "2241"]
[PlyCount "22"]
[EventDate "2014.??.??"]
[EventType "corr"]
[EventRounds "2"]
[SourceDate "2010.08.23"]

1. e4 e5 2. Nf3 Nc6 3. Bc4 Nf6 4. Ng5 d5 5. exd5 Na5 6. Bb5+ c6 7. dxc6 bxc6 8.
Be2 h6 9. Nf3 e4 10. Ne5 Bd6 11. O-O Bxe5 0-1

[Event "30PCR_F"]
[Site "?"]
[Date "2014.10.27"]
[Round "?"]
[White "Stepan, Josef"]
[Black "Chvojka, Jaroslav"]
[Result "1/2-1/2"]
[WhiteElo "1870"]
[BlackElo "2241"]
[PlyCount "64"]
[EventDate "2014.??.??"]
[EventType "corr"]
[EventRounds "2"]
[SourceDate "2010.08.23"]

1. e4 e5 2. Nf3 Nc6 3. Bb5 Nf6 4. O-O d6 5. Nc3 Be7 6. d4 exd4 7. Nxd4 Bd7 8.
Nxc6 bxc6 9. Be2 O-O 10. Qd3 Re8 11. h3 a5 12. Be3 Bc8 13. Rad1 Ba6 14. Qd2 Qc8
15. Bxa6 Qxa6 16. b3 a4 17. e5 dxe5 18. Nxa4 Rad8 19. Qe1 Rxd1 20. Qxd1 e4 21.
Nc3 Qa5 22. Qd4 Bd6 23. Qc4 Qe5 24. g3 c5 25. a4 Qf5 26. Kh2 h5 27. Nb5 Nd5 28.
Nxd6 cxd6 29. h4 Rc8 30. a5 Nb4 31. c3 Nd3 32. Kg1 Ne5 1/2-1/2

[Event "30PCR_F"]
[Site "?"]
[Date "2014.10.27"]
[Round "?"]
[White "Kepsta, Martin"]
[Black "Fejfar, Vlastimil"]
[Result "0-1"]
[WhiteElo "1900"]
[BlackElo "2160"]
[PlyCount "62"]
[EventDate "2014.??.??"]
[EventType "corr"]
[EventRounds "2"]
[SourceDate "2010.08.23"]

1. d4 b5 2. e4 a6 3. Nf3 e6 4. Bd3 Nf6 5. Bg5 Be7 6. c3 O-O 7. O-O Bb7 8. Nbd2
Nc6 9. e5 Nd5 10. Bxe7 Qxe7 11. Ne4 d6 12. exd6 cxd6 13. Re1 Na5 14. Nfg5 f5
15. Nxh7 fxe4 16. Bxe4 Rf4 17. Qh5 Rh4 18. Qg5 Rxh7 19. Qxe7 Nxe7 20. Bxh7+
Kxh7 21. Rxe6 Nf5 22. g4 Nh4 23. f4 Nc4 24. Re7 Bf3 25. b3 Nd2 26. h3 Ng6 27.
Re3 Nxf4 28. Kf2 Bd5 29. Rd1 Rf8 30. Kg3 Ng2 31. Re2 Ne4+ 0-1

[Event "30PCR_F"]
[Site "?"]
[Date "2014.10.27"]
[Round "?"]
[White "Svoboda, Josef"]
[Black "Farny, Miroslav"]
[Result "1/2-1/2"]
[WhiteElo "1915"]
[BlackElo "2097"]
[PlyCount "42"]
[EventDate "2014.??.??"]
[EventType "corr"]
[EventRounds "2"]
[SourceDate "2010.08.23"]

1. d4 d5 2. Nc3 Nf6 3. Bg5 c6 4. Nf3 Ne4 5. Bf4 Qb6 6. Na4 Qa5+ 7. c3 Nd7 8. b4
Qd8 9. Nd2 Nxd2 10. Qxd2 a5 11. Nc5 b6 12. Nd3 e6 13. e3 axb4 14. cxb4 c5 15.
bxc5 bxc5 16. Nxc5 Nxc5 17. dxc5 Bxc5 18. Bd3 Ba6 19. O-O O-O 20. Bxa6 Rxa6 21.
Rac1 Qe7 1/2-1/2

[Event "30PCR_F"]
[Site "?"]
[Date "2014.10.27"]
[Round "?"]
[White "Farny, Miroslav"]
[Black "Kepsta, Martin"]
[Result "1/2-1/2"]
[WhiteElo "2097"]
[BlackElo "1900"]
[PlyCount "25"]
[EventDate "2014.??.??"]
[EventType "corr"]
[EventRounds "2"]
[SourceDate "2010.08.23"]

1. e4 e5 2. Bc4 d6 3. Qf3 Nf6 4. h3 Nc6 5. Qb3 Qd7 6. Qc3 Nxe4 7. Qf3 Nf6 8. c3
d5 9. Bb3 Nd4 10. cxd4 e4 11. Qe3 Bd6 12. Ne2 c6 13. Nbc3 1/2-1/2

[Event "30PCR_F"]
[Site "?"]
[Date "2014.10.27"]
[Round "?"]
[White "Fejfar, Vlastimil"]
[Black "Stepan, Josef"]
[Result "1-0"]
[WhiteElo "2160"]
[BlackElo "1870"]
[PlyCount "21"]
[EventDate "2014.??.??"]
[EventType "corr"]
[EventRounds "2"]
[SourceDate "2010.08.23"]

1. e4 c5 2. Nf3 Nc6 3. d4 cxd4 4. Nxd4 g6 5. Bc4 Bg7 6. Be3 Nf6 7. Nc3 Ng4 8.
Qxg4 Nxd4 9. Qd1 Ne6 10. Rc1 Qb6 11. Bxb6 1-0

[Event "30PCR_F"]
[Site "?"]
[Date "2014.10.27"]
[Round "?"]
[White "Chvojka, Jaroslav"]
[Black "Kyzlink, Vladimir"]
[Result "1-0"]
[WhiteElo "2241"]
[BlackElo "1861"]
[PlyCount "55"]
[EventDate "2014.??.??"]
[EventType "corr"]
[EventRounds "2"]
[SourceDate "2010.08.23"]

1. d4 Nf6 2. Nf3 b6 3. g3 Bb7 4. c4 e6 5. Bg2 c5 6. dxc5 Bxc5 7. O-O O-O 8. Nc3
d5 9. cxd5 Nxd5 10. Nxd5 Qxd5 11. Qa4 b5 12. Qg4 f5 13. Qh3 Na6 14. Bf4 Rfd8
15. e4 fxe4 16. Ng5 Qf5 17. Qh5 Bd5 18. Bh3 Qg6 19. Qxg6 hxg6 20. Rfd1 Re8 21.
Bf1 e3 22. Bxe3 Bxe3 23. fxe3 Nb4 24. Bxb5 Rf8 25. Bd7 Nc2 26. e4 Nxa1 27. exd5
Nc2 28. Bxe6+ 1-0

[Event "30PCR_F"]
[Site "?"]
[Date "2014.10.27"]
[Round "?"]
[White "Goc, Pavel"]
[Black "Pressl, Ladislav"]
[Result "1-0"]
[WhiteElo "2241"]
[BlackElo "1823"]
[PlyCount "55"]
[EventDate "2014.??.??"]
[EventType "corr"]
[EventRounds "2"]
[SourceDate "2010.08.23"]

1. d4 Nf6 2. Nf3 g6 3. Bg5 Bg7 4. Nbd2 d5 5. e3 O-O 6. c4 dxc4 7. Bxc4 Nbd7 8.
O-O Nb6 9. Bd3 c5 10. Bxf6 Bxf6 11. Ne4 cxd4 12. Nxf6+ exf6 13. Nxd4 f5 14. Qf3
Qd5 15. Qg3 Rd8 16. Rfd1 Qd6 17. Qg5 f6 18. Qh4 f4 19. Nb5 Qe7 20. Qxf4 Nd5 21.
Bc4 Be6 22. Qf3 a6 23. Nd4 Bf7 24. Nf5 gxf5 25. Bxd5 Bxd5 26. Rxd5 Rxd5 27.
Qxd5+ Kg7 28. Qxf5 1-0

[Event "30PCR_F"]
[Site "?"]
[Date "2014.10.27"]
[Round "?"]
[White "Smolka, Jan"]
[Black "Ptacek, Jiri"]
[Result "1-0"]
[WhiteElo "2242"]
[BlackElo "1783"]
[PlyCount "53"]
[EventDate "2014.??.??"]
[EventType "corr"]
[EventRounds "2"]
[SourceDate "2010.08.23"]

1. e4 e5 2. Nf3 Nc6 3. Bb5 a6 4. Bxc6 dxc6 5. O-O Bg4 6. h3 Bxf3 7. Qxf3 Qf6 8.
Qc3 g6 9. d3 Bg7 10. Nd2 Ne7 11. Nf3 h6 12. Be3 Qe6 13. a4 b6 14. a5 c5 15.
axb6 cxb6 16. b4 cxb4 17. Qxb4 b5 18. Bc5 Bf6 19. c4 bxc4 20. d4 O-O 21. d5 Qd7
22. Qxc4 Qb5 23. Qc3 Rfc8 24. Ra5 Qd7 25. Nxe5 Bxe5 26. Qxe5 Re8 27. Bd4 1-0

[Event "30PCR_F"]
[Site "?"]
[Date "2014.10.27"]
[Round "?"]
[White "Lucan, Zdenko"]
[Black "Vins, Karel"]
[Result "0-1"]
[WhiteElo "1611"]
[BlackElo "1721"]
[PlyCount "62"]
[EventDate "2014.??.??"]
[EventType "corr"]
[EventRounds "2"]
[SourceDate "2010.08.23"]

1. e4 e5 2. Nf3 Nc6 3. Bb5 a6 4. Bxc6 dxc6 5. d4 exd4 6. Qxd4 Qxd4 7. Nxd4 Bc5
8. Be3 Bd6 9. Nd2 Nf6 10. O-O O-O 11. h3 Re8 12. Rae1 Nxe4 13. Nxe4 Rxe4 14.
Re2 c5 15. Nb3 Be6 16. c3 Bc4 17. Nc1 Bxe2 18. Nxe2 b5 19. Re1 Rae8 20. Nc1 h6
21. Kf1 c6 22. Nb3 c4 23. Nd2 R4e7 24. Nxc4 bxc4 25. g4 f6 26. Re2 g5 27. Kg2
Bf4 28. Kf3 Bxe3 29. Rxe3 Rxe3+ 30. fxe3 Kf7 31. e4 Rd8 0-1

[Event "30PCR_F"]
[Site "?"]
[Date "2014.10.27"]
[Round "?"]
[White "Vins, Karel"]
[Black "Smolka, Jan"]
[Result "0-1"]
[WhiteElo "1721"]
[BlackElo "2242"]
[PlyCount "48"]
[EventDate "2014.??.??"]
[EventType "corr"]
[EventRounds "2"]
[SourceDate "2010.08.23"]

1. e4 e5 2. Nf3 Nc6 3. Bb5 a6 4. Ba4 Nf6 5. d3 d6 6. c3 b5 7. Bc2 Be7 8. h3 O-O
9. O-O d5 10. exd5 Qxd5 11. Be3 Bf5 12. d4 Bxc2 13. Qxc2 e4 14. Nh2 Bd6 15. Nd2
Rae8 16. b3 Qe6 17. Rae1 Nd5 18. c4 Nxe3 19. fxe3 Qg6 20. c5 Nb4 21. Qb1 Bg3
22. Re2 f5 23. Rf4 Bxf4 24. exf4 Nd3 0-1

[Event "30PCR_F"]
[Site "?"]
[Date "2014.10.27"]
[Round "?"]
[White "Ptacek, Jiri"]
[Black "Goc, Pavel"]
[Result "0-1"]
[WhiteElo "1783"]
[BlackElo "2241"]
[PlyCount "54"]
[EventDate "2014.??.??"]
[EventType "corr"]
[EventRounds "2"]
[SourceDate "2010.08.23"]

1. Nf3 d5 2. d4 Nf6 3. Nc3 c5 4. e3 e6 5. Bb5+ Nc6 6. dxc5 Bxc5 7. O-O O-O 8.
Bxc6 bxc6 9. Re1 Ba6 10. Na4 Bd6 11. b3 Qc7 12. g3 e5 13. Bb2 Rad8 14. c3 c5
15. Nd2 Bb7 16. Nf3 Qc6 17. Kg2 Rfe8 18. Bc1 d4 19. c4 Bc7 20. exd4 cxd4 21.
Bg5 e4 22. Bxf6 exf3+ 23. Kg1 Qxf6 24. Nb2 Re2 25. Nd3 Qe6 26. Rxe2 fxe2 27.
Qd2 Qc6 0-1

[Event "30PCR_F"]
[Site "?"]
[Date "2014.10.27"]
[Round "?"]
[White "Pressl, Ladislav"]
[Black "Chvojka, Jaroslav"]
[Result "0-1"]
[WhiteElo "1823"]
[BlackElo "2241"]
[PlyCount "34"]
[EventDate "2014.??.??"]
[EventType "corr"]
[EventRounds "2"]
[SourceDate "2010.08.23"]

1. e4 e6 2. d4 d5 3. Nc3 Nf6 4. Bg5 dxe4 5. Nxe4 Be7 6. Bxf6 gxf6 7. Nf3 f5 8.
Ng3 Qd6 9. c3 Bd7 10. Qd2 Bc6 11. Be2 Nd7 12. O-O-O O-O-O 13. Rhe1 Rhg8 14. Qc2
h5 15. Rg1 h4 16. Nf1 Be4 17. c4 Bxc2 0-1

[Event "30PCR_F"]
[Site "?"]
[Date "2014.10.27"]
[Round "?"]
[White "Kyzlink, Vladimir"]
[Black "Fejfar, Vlastimil"]
[Result "0-1"]
[WhiteElo "1861"]
[BlackElo "2160"]
[PlyCount "48"]
[EventDate "2014.??.??"]
[EventType "corr"]
[EventRounds "2"]
[SourceDate "2010.08.23"]

1. e4 e5 2. Nf3 Nc6 3. Bc4 Nf6 4. Ng5 Bc5 5. Bxf7+ Ke7 6. Bb3 Rf8 7. O-O d6 8.
Nc3 Qe8 9. Nd5+ Kd8 10. Nxf6 gxf6 11. Nf3 Qg6 12. d3 Bg4 13. c3 Ne7 14. Bc2 Rg8
15. b4 Bb6 16. Bb3 Rg7 17. a4 Qh5 18. Kh1 a5 19. b5 Qg6 20. h3 Qh5 21. Kh2 Ng6
22. Kh1 Nf4 23. Bxf4 Bxh3 24. Bg5 Rxg5 0-1

[Event "30PCR_F"]
[Site "?"]
[Date "2014.10.27"]
[Round "?"]
[White "Stepan, Josef"]
[Black "Farny, Miroslav"]
[Result "1-0"]
[WhiteElo "1870"]
[BlackElo "2097"]
[PlyCount "29"]
[EventDate "2014.??.??"]
[EventType "corr"]
[EventRounds "2"]
[SourceDate "2010.08.23"]

1. e4 e5 2. Nf3 Nc6 3. Bb5 d6 4. Nc3 Bd7 5. Bxc6 Bxc6 6. d4 exd4 7. Nxd4 Qd7 8.
O-O Ne7 9. b4 a6 10. a4 b6 11. Nxc6 Nxc6 12. Nd5 Na7 13. Bb2 Rb8 14. Re1 Nc8
15. e5 1-0

[Event "30PCR_F"]
[Site "?"]
[Date "2014.10.27"]
[Round "?"]
[White "Svoboda, Josef"]
[Black "Stepan, Josef"]
[Result "0-1"]
[WhiteElo "1915"]
[BlackElo "1870"]
[PlyCount "54"]
[EventDate "2014.??.??"]
[EventType "corr"]
[EventRounds "2"]
[SourceDate "2010.08.23"]

1. d4 Nf6 2. c4 g6 3. Nc3 d5 4. Nf3 Bg7 5. e3 O-O 6. cxd5 Nxd5 7. Bc4 Nxc3 8.
bxc3 c5 9. O-O Nc6 10. Ba3 cxd4 11. cxd4 Bf5 12. Rc1 Rc8 13. Qd2 Qd7 14. Bb5
Be4 15. Qe2 a6 16. Bd3 Bxd3 17. Qxd3 b5 18. Bc5 Rfd8 19. Qa3 Qb7 20. Rfd1 e5
21. d5 e4 22. Ng5 Ne5 23. Nxe4 Nc4 24. Rxc4 bxc4 25. Nd6 Rxd6 26. Bxd6 c3 27.
e4 c2 0-1

[Event "30PCR_F"]
[Site "?"]
[Date "2014.10.27"]
[Round "?"]
[White "Farny, Miroslav"]
[Black "Kyzlink, Vladimir"]
[Result "1-0"]
[WhiteElo "2097"]
[BlackElo "1861"]
[PlyCount "47"]
[EventDate "2014.??.??"]
[EventType "corr"]
[EventRounds "2"]
[SourceDate "2010.08.23"]

1. e4 e5 2. Nf3 Nc6 3. d4 exd4 4. Bc4 Nf6 5. e5 Ng4 6. O-O d6 7. exd6 Bxd6 8.
Re1+ Kf8 9. Na3 Nge5 10. Be2 Nxf3+ 11. Bxf3 Ne5 12. Bf4 Nxf3+ 13. Qxf3 Bxf4 14.
Qxf4 g5 15. Qe5 f6 16. Qc5+ Kf7 17. Nb5 c6 18. Nd6+ Kg7 19. Rad1 Rf8 20. Rxd4
Qb6 21. Re7+ Kg6 22. Qc3 Qa6 23. g4 h6 24. Nxc8 1-0

[Event "30PCR_F"]
[Site "?"]
[Date "2014.10.27"]
[Round "?"]
[White "Fejfar, Vlastimil"]
[Black "Pressl, Ladislav"]
[Result "1-0"]
[WhiteElo "2160"]
[BlackElo "1823"]
[PlyCount "41"]
[EventDate "2014.??.??"]
[EventType "corr"]
[EventRounds "2"]
[SourceDate "2010.08.23"]

1. e4 c5 2. Nf3 Nc6 3. d4 cxd4 4. Nxd4 d6 5. Nc3 Nf6 6. Bg5 e6 7. Qd2 Be7 8.
O-O-O O-O 9. f4 a6 10. e5 dxe5 11. Nxc6 bxc6 12. fxe5 Nd5 13. Ne4 f6 14. exf6
gxf6 15. Bh6 Re8 16. c4 Qc7 17. cxd5 cxd5+ 18. Nc3 Bb4 19. Qd4 Bxc3 20. bxc3
Qf7 21. Rd3 1-0

[Event "30PCR_F"]
[Site "?"]
[Date "2014.10.27"]
[Round "?"]
[White "Chvojka, Jaroslav"]
[Black "Ptacek, Jiri"]
[Result "1-0"]
[WhiteElo "2241"]
[BlackElo "1783"]
[PlyCount "47"]
[EventDate "2014.??.??"]
[EventType "corr"]
[EventRounds "2"]
[SourceDate "2010.08.23"]

1. d4 d5 2. Nf3 Nf6 3. c4 dxc4 4. e3 e6 5. Bxc4 Bb4+ 6. Bd2 Bxd2+ 7. Nbxd2 O-O
8. O-O Nc6 9. Rc1 a6 10. Qc2 Ne7 11. Bd3 c6 12. Nc4 Ng6 13. a3 Nd5 14. Nce5 Nf6
15. Ng5 Ne8 16. f4 f5 17. Nxg6 hxg6 18. Bc4 Nc7 19. Rf3 Re8 20. Qf2 Nd5 21. Qh4
Nf6 22. Rh3 Kf8 23. Qh8+ Ng8 24. Qxg7+ 1-0

[Event "30PCR_F"]
[Site "?"]
[Date "2014.10.27"]
[Round "?"]
[White "Goc, Pavel"]
[Black "Vins, Karel"]
[Result "1-0"]
[WhiteElo "2241"]
[BlackElo "1721"]
[PlyCount "37"]
[EventDate "2014.??.??"]
[EventType "corr"]
[EventRounds "2"]
[SourceDate "2010.08.23"]

1. e4 e5 2. Nf3 d6 3. d4 Nd7 4. Bc4 c6 5. Nc3 Be7 6. dxe5 Nxe5 7. Nxe5 dxe5 8.
Qh5 g6 9. Qxe5 f6 10. Qg3 Bd6 11. f4 b5 12. Bb3 Qe7 13. O-O Be6 14. Qf3 O-O-O
15. Be3 Rd7 16. e5 Bxb3 17. exd6 Qxd6 18. axb3 Kb8 19. Rfd1 1-0

[Event "30PCR_F"]
[Site "?"]
[Date "2014.10.27"]
[Round "?"]
[White "Smolka, Jan"]
[Black "Lucan, Zdenko"]
[Result "1-0"]
[WhiteElo "2242"]
[BlackElo "1611"]
[PlyCount "57"]
[EventDate "2014.??.??"]
[EventType "corr"]
[EventRounds "2"]
[SourceDate "2010.08.23"]

1. e4 Nf6 2. e5 Nd5 3. d4 d6 4. Nf3 g6 5. Bc4 Nb6 6. Bb3 d5 7. h3 e6 8. O-O Bg7
9. Bg5 f6 10. exf6 Bxf6 11. Bh6 Qe7 12. Re1 c6 13. Nbd2 Bg7 14. Bxg7 Qxg7 15.
a4 N6d7 16. Rxe6+ Kd8 17. Qe2 Rf8 18. Re1 Nf6 19. Ng5 Ne4 20. Ndxe4 dxe4 21.
Rxe4 Bd7 22. Re7 Qf6 23. Nxh7 Qxf2+ 24. Qxf2 Rxf2 25. Kxf2 Kc7 26. Nf6 a5 27.
Be6 Kd6 28. Bxd7 Nxd7 29. Rxd7# 1-0